000 01396cam a2200241 4500
001 ##L135658
008 061122n2006 000 0 eng u
020 _a1852619422
_a9781852619428
035 _a(Sirsi) u135658
041 0 _aeng
050 0 4 _a614.83 $2 18
110 2 _aLondon
_bGreater London Authority
_93989
245 0 4 _aThe control of dust and emissions from construction and demolition
_bbest practice guidance
_h[electronic resource]
260 _aLondon
_bGLA
_c2006
505 1 _aLegislative framework -- Air quality impact evaluation -- Method statement -- Dust and emissions control measures -- Emission controls for vehicles and plant -- Site monitoring
520 _aProvides guidance for London boroughs, developers, planners, and others in the construction process on reducing the impact of construction and demolition dust and emissions on air quality. Highlights various dust and emissions control measures which follow the hierarchy of prevention, suppression and containment. Aims to assist with the drafting of suitable planning conditions.
590 _aKA
651 4 _aLONDON
690 _aENVIRONMENTAL AND LAND CONSULTANCY-ENVIRONMENTAL MANAGEMENT
710 2 _aLondon Councils
856 4 0 _uhttps://legacy.london.gov.uk/mayor/environment/air_quality/docs/construction-dust-bpg.pdf
_zView the guidance free of charge at legacy.london.gov.uk
942 _n0
999 _c106133
_d106133